|
|
|
|
| LEADER |
01960nam a2200433 a 4500 |
| 001 |
EBC497340 |
| 003 |
MiAaPQ |
| 005 |
20200520144314.0 |
| 006 |
m o d | |
| 007 |
cr cn||||||||| |
| 008 |
081124s2009 ctua sb 001 0 eng |
| 010 |
|
|
|z 2008047579
|
| 015 |
|
|
|a GBA8D6501
|2 bnb
|
| 016 |
7 |
|
|z 014844905
|2 Uk
|
| 020 |
|
|
|z 9780313356025 (alk. paper)
|
| 020 |
|
|
|z 0313356025 (alk. paper)
|
| 035 |
|
|
|a (MiAaPQ)EBC497340
|
| 035 |
|
|
|a (Au-PeEL)EBL497340
|
| 035 |
|
|
|a (CaPaEBR)ebr10323563
|
| 035 |
|
|
|a (CaONFJC)MIL242870
|
| 035 |
|
|
|a (OCoLC)646818009
|
| 040 |
|
|
|a MiAaPQ
|c MiAaPQ
|d MiAaPQ
|
| 050 |
|
4 |
|a HG4027.6
|b .N68 2009
|
| 082 |
0 |
4 |
|a 658.15/224
|2 22
|
| 100 |
1 |
|
|a Nour, David,
|d 1968-
|
| 245 |
1 |
4 |
|a The entrepreneur's guide to raising capital
|h [electronic resource] /
|c David Nour.
|
| 260 |
|
|
|a Westport, Conn. :
|b Praeger Publishers,
|c 2009.
|
| 300 |
|
|
|a x, 188 p. :
|b ill.
|
| 490 |
1 |
|
|a The entrepreneur's guide,
|x 1939-2478
|
| 504 |
|
|
|a Includes bibliographical references and index.
|
| 505 |
0 |
|
|a Why undercapitalized companies don't survive -- Smart capital -- Plan now or pay later -- Bootstrapping and early stage creative capital -- Big guns : institutional investors -- Avenues for alternative capital -- IPOs, reverse mergers, and international markets -- Valuations, acquisitions, and exit strategies -- Value-added financial intermediaries -- The experts speak : best practices to embrace and top mistakes to avoid.
|
| 533 |
|
|
|a Electronic reproduction. Ann Arbor, MI : ProQuest, 2015. Available via World Wide Web. Access may be limited to ProQuest affiliated libraries.
|
| 650 |
|
0 |
|a New business enterprises
|x Finance.
|
| 650 |
|
0 |
|a Small business
|x Finance.
|
| 650 |
|
0 |
|a Venture capital.
|
| 655 |
|
4 |
|a Electronic books.
|
| 710 |
2 |
|
|a ProQuest (Firm)
|
| 830 |
|
0 |
|a Entrepreneur's guide (Westport, Conn.)
|
| 856 |
4 |
0 |
|u https://ebookcentral.proquest.com/lib/matrademy/detail.action?docID=497340
|z Click to View
|